000 00568cam a2200205 4500500
005 20260329001846.0
041 _afre
042 _adc
100 1 0 _aPietra, Régine
_eauthor
245 0 0 _aÉloge du lâcher-prise
260 _c2009.
500 _a51
690 _aLao-tseu
690 _aLaozi
690 _aTao
690 _aTaoïsme
690 _aZhuangzi
786 0 _nPhilosophie magazine | 32 | 9 | 2009-09-01 | p. 36-38 | 1951-1787
856 4 1 _uhttps://shs.cairn.info/magazine-philosophie-magazine-2009-9-page-36?lang=fr&redirect-ssocas=7080
999 _c1809356
_d1809356